| 000 | 00421nam a22001577a 4500 | ||
|---|---|---|---|
| 999 |
_c2315 _d2315 |
||
| 008 | 200221b ||||| |||| 00| 0 eng d | ||
| 020 | _a8170353742 | ||
| 082 | 0 | 0 |
_a577.760 _bK9637 |
| 245 | 1 | 0 |
_aEcology of plankton / _cedited by by Arvind Kumar |
| 250 | _a1st ed. | ||
| 260 |
_aNew Delhi: _bDaya Publication, _c2005. |
||
| 300 | _aix,294p. | ||
| 650 | 0 | _aPlankton--Ecology | |
| 700 |
_95452 _aKumar, Arvind |
||
| 942 | _cBK | ||